|
|
|
|
| LEADER |
00000nab a2200000 a 4500 |
| 001 |
vtls000790542 |
| 003 |
SK-MaSNL |
| 005 |
20260303235401.0 |
| 008 |
140416c2002 xo 0 slo |
| 015 |
|
|
|a SNBRB2002/04-13336
|
| 035 |
|
|
|a CLN000142197
|
| 040 |
|
|
|a SNKBUCL
|b slo
|c SNKBUCL
|e AACR2
|
| 041 |
0 |
|
|a slo
|
| 044 |
|
|
|a xo
|c SK
|
| 080 |
|
|
|a 792.091.4:792.9
|2 1997
|
| 080 |
|
|
|a 792.9
|2 1997
|
| 100 |
1 |
|
|a Ozábalová, Ivica,
|d 1943-
|4 aut
|9 199399
|
| 245 |
1 |
0 |
|a Osem dní v zajatí bábkarov a bábok
|c Ivica Ozábalová
|
| 611 |
1 |
7 |
|a PIF
|n 34.
|d 2001
|c Záhreb, Chorvátsko
|2 snkbucl
|9 1273997
|
| 650 |
0 |
7 |
|a bábkové divadlo
|2 snkbucl
|9 3309
|
| 655 |
|
7 |
|a články z novín a časopisov
|2 snkbucl
|9 267496
|
| 773 |
0 |
|
|t Javisko
|g Roč. 34, č. 1 (2002), s. 37
|x 0323-2883
|
| 850 |
|
|
|a Slovenská národná knižnica v Martine
|
| 852 |
|
|
|a SNK
|b KIS3GCP
|
| 958 |
|
|
|a HR
|
| 992 |
|
|
|a RBX
|
| 999 |
|
|
|c 2525554
|d 2527484
|